<?xml version="1.0" encoding="UTF-8"?>
<record
    xmlns:xsi="http://www.w3.org/2001/XMLSchema-instance"
    xsi:schemaLocation="http://www.loc.gov/MARC21/slim http://www.loc.gov/standards/marcxml/schema/MARC21slim.xsd"
    xmlns="http://www.loc.gov/MARC21/slim">

  <leader>00824nam a22002294i 4500</leader>
  <datafield tag="999" ind1=" " ind2=" ">
    <subfield code="c">7728</subfield>
    <subfield code="d">7728</subfield>
  </datafield>
  <controlfield tag="001">991060965030206706</controlfield>
  <controlfield tag="003">OSt</controlfield>
  <controlfield tag="005">20230515142003.0</controlfield>
  <controlfield tag="008">230505e2022    sp   | gr|||| 001 0 cat|d</controlfield>
  <datafield tag="020" ind1=" " ind2=" ">
    <subfield code="a">9788418618543</subfield>
  </datafield>
  <datafield tag="040" ind1=" " ind2=" ">
    <subfield code="a">ES-BaCBA</subfield>
    <subfield code="b">cat</subfield>
    <subfield code="e">rda</subfield>
    <subfield code="c">CDMR</subfield>
  </datafield>
  <datafield tag="100" ind1="1" ind2=" ">
    <subfield code="a">Fava Compte, Mar&#xED;a</subfield>
    <subfield code="9">1678</subfield>
  </datafield>
  <datafield tag="245" ind1="1" ind2="2">
    <subfield code="a">L'Alian&#xE7;a i l'Ateneu Col&#xF3;n :</subfield>
    <subfield code="b">Bressols de ciutadania /</subfield>
    <subfield code="c">Maria Fav&#xE0; Compta</subfield>
  </datafield>
  <datafield tag="264" ind1=" " ind2="1">
    <subfield code="a">Catarroja (Pa&#xED;s Valenci&#xE0;) :</subfield>
    <subfield code="b">Afers,</subfield>
    <subfield code="c">2022</subfield>
  </datafield>
  <datafield tag="300" ind1=" " ind2=" ">
    <subfield code="a">179 p&#xE0;gines :</subfield>
    <subfield code="b">il&#xB7;lustracions en blanc i negre ;</subfield>
    <subfield code="c">22 cm</subfield>
  </datafield>
  <datafield tag="490" ind1="0" ind2=" ">
    <subfield code="a">Terra d'ateneus</subfield>
  </datafield>
  <datafield tag="610" ind1="2" ind2="7">
    <subfield code="a">Societat Cultural i Recreativa l'Alian&#xE7;a (Barcelona, Catalunya)</subfield>
    <subfield code="x">Hist&#xF2;ria.</subfield>
    <subfield code="2">lemac</subfield>
  </datafield>
  <datafield tag="610" ind1=" " ind2="0">
    <subfield code="a">Ateneu Col&#xF3;n (Barcelona, Catalunya)</subfield>
    <subfield code="x">Hist&#xF2;ria</subfield>
    <subfield code="9">4842</subfield>
  </datafield>
  <datafield tag="650" ind1=" " ind2="7">
    <subfield code="a">Cultura catalana</subfield>
    <subfield code="y">S. XX.</subfield>
    <subfield code="2">lemac</subfield>
  </datafield>
  <datafield tag="908" ind1=" " ind2=" ">
    <subfield code="a">BCNexplor@</subfield>
  </datafield>
  <datafield tag="942" ind1=" " ind2=" ">
    <subfield code="2">udc</subfield>
    <subfield code="c">MON</subfield>
  </datafield>
  <datafield tag="952" ind1=" " ind2=" ">
    <subfield code="0">0</subfield>
    <subfield code="1">0</subfield>
    <subfield code="4">0</subfield>
    <subfield code="7">0</subfield>
    <subfield code="a">CDMR</subfield>
    <subfield code="b">CDMR</subfield>
    <subfield code="d">2023-05-15</subfield>
    <subfield code="e">Donaci&#xF3;</subfield>
    <subfield code="g">19.00</subfield>
    <subfield code="l">1</subfield>
    <subfield code="o">Bf /6</subfield>
    <subfield code="p">CDMR23050004</subfield>
    <subfield code="r">2023-07-25</subfield>
    <subfield code="s">2023-07-17</subfield>
    <subfield code="w">2023-05-15</subfield>
    <subfield code="y">MON</subfield>
  </datafield>
</record>
